Obytný súbor na Eisteichstrasse v 11.okrsku mesta Viedeň

Saved in:
Bibliographic Details
Main Author: Turčanová, Lucia (Author)
Other Authors: Keppl, Julián (Thesis advisor)
Format: Manuscript Book
Language:Slovak
Published: Bratislava 2017
Subjects:
Online Access:http://is.stuba.sk/zp/portal_zp.pl?podrobnosti=128386
Tags: Add Tag
No Tags, Be the first to tag this record!

MARC

LEADER 00000ntm a22000003a 4500
001 stuzp63712
003 SK-STU
005 20210209091231.7
007 ta
008 150427s2015----xo-----f-mn---000-0-slo-d
040 |a STU  |b slo 
041 0 |a slo 
100 1 |a Turčanová, Lucia  |u 052120  |4 aut  |U FAD Fakulta architektúry  |T FA Ústav ekologickej a experimentálnej architektúry  |X 62139  |U A2120  |Y 393  |7 62139 
242 0 1 |a Apartment complex - Eisteichstrasse Wien  |y eng 
245 1 0 |a Obytný súbor na Eisteichstrasse v 11.okrsku mesta Viedeň 
260 |c 2017  |a Bratislava 
650 4 |a Viedeň  |2 slo 
650 4 |a Eisteichstrasse  |2 slo 
650 4 |a byt  |2 slo 
650 4 |a bytový dom  |2 slo 
650 4 |a obytný súbor  |2 slo 
650 4 |a Vienna  |2 eng 
650 4 |a apartment complex  |2 eng 
650 4 |a apartment  |2 eng 
650 4 |a Eisteichstrasse  |2 eng 
650 4 |a apartment building  |2 eng 
650 4 |a flat  |2 eng 
700 1 |a Keppl, Julián  |u 052120  |k Z1  |4 ths  |U FAD Fakulta architektúry  |T FA Ústav ekologickej a experimentálnej architektúry  |X 500  |U A2120  |Y 393  |7 A000000500 
856 4 |u http://is.stuba.sk/zp/portal_zp.pl?podrobnosti=128386  |u https://opac.crzp.sk/?fn=detailBiblioForm&sid=E7FF18FD4FFD5019D8F3E93CC38C